神奈川県の市区町村(1960年) - Statistics

General Stats
  • This quiz has been taken 90 times
  • The average score is 42 of 49
Answer Stats
No. 政令市/郡 市町村 備考 % Correct
1 横浜市
100%
3 川崎市 1972年政令指定
98%
1-8 横浜市 金沢区
94%
2 横須賀市
94%
7 小田原市
94%
10 相模原市 2010年政令指定
94%
1-1 横浜市 鶴見区
92%
1-3 横浜市 西区
92%
1-9 横浜市 港北区
92%
9 逗子市
92%
11 三浦市
92%
14 大和市
92%
4 平塚市
91%
5 鎌倉市
91%
6 藤沢市
91%
8 茅ヶ崎市
91%
13 厚木市
91%
31 足柄下郡 箱根町
91%
33 足柄下郡 湯河原町
91%
12 秦野市
89%
17 高座郡 海老名町 1971年昇格
89%
32 足柄下郡 真鶴町
89%
1-2 横浜市 神奈川区
88%
1-5 横浜市 南区
88%
15 三浦郡 葉山町
88%
35 愛甲郡 清川村
88%
1-4 横浜市 中区
86%
20 中郡 大磯町
86%
21 中郡 二宮町
86%
26 足柄上郡 松田町
86%
1-10 横浜市 戸塚区
85%
18 高座郡 座間町 1971年昇格
85%
27 足柄上郡 山北町
85%
16 高座郡 寒川町
83%
19 高座郡 綾瀬町 1978年昇格
83%
28 足柄上郡 南足柄町 1972年昇格
83%
34 愛甲郡 愛川町
83%
29 足柄上郡 開成町
82%
22 中郡 伊勢原町 1971年昇格
80%
1-7 横浜市 磯子区
79%
25 足柄上郡 大井町
79%
1-6 横浜市 保土ケ谷区 1969年分離
77%
24 足柄上郡 中井町
77%
37 津久井郡 津久井町 2006年消滅
77%
38 津久井郡 相模湖町 2006年消滅
77%
39 津久井郡 藤野町 2007年消滅
73%
36 津久井郡 城山町 2007年消滅
67%
23 中郡 西秦野町 1963年消滅
44%
30 足柄下郡 橘町 1971年消滅
42%
No matching quizzes found
Score Distribution
Percent of People with Each Score
Percentile by Number Answered
Your Score History
You have not taken this quiz